Estudio de pre-factibilidad técnico y financiero para el acondicionamiento de calidad y gasificación de coque de refinería para producir un gas combustible limpio para uso de la refinería de petróleo ubicada en Moín, Limón

Salvato in:
Dettagli Bibliografici
Autore principale: Castro Rivas, Estefanía
Natura: Libro
Lingua:Spanish
Pubblicazione: San José, Costa Rica 2013
Soggetti:
Tags: Aggiungi Tag
Nessun Tag, puoi essere il primo ad aggiungerne!!

MARC

LEADER 00000nam a22000007a 4500
003 011845
005 20221231143904.0
008 150320b2013 c a|||| |||| 00| 0 spa d
040 |c cru CEDI 
090 |a TFG 7013 
100 |9 618  |a Castro Rivas, Estefanía 
245 |a  Estudio de pre-factibilidad técnico y financiero para el acondicionamiento de calidad y gasificación de coque de refinería para producir un gas combustible limpio para uso de la refinería de petróleo ubicada en Moín, Limón 
260 |a San José, Costa Rica  |c  2013 
500 |a Proyecto de graduación (licenciatura en ingeniería química)--Universidad de Costa Rica. Facultad de Ingeniería. Escuela de Ingeniería Química 
650 |x REFINADORA COSTARRICENSE DE PETROLEO. PLANTEL DE MOIN   |x  GAS -- OBTENCION Y PRODUCCION  |x COQUE DE PETROLEO  |x  GASIFICACION   |x  ESTUDIOS DE FACTIBILIDAD  |x EVALUACION DE PROYECTOS  |x REFINERIAS DE PETROLEO - COSTA RICA  |9 619 
942 |c TFG 
999 |c 13771  |d 13771